Loading...

Windows 7 step by step

Bibliographic Details
Main Author: Preppernau, Joan
Other Authors: Cox, Joyce
Format: Printed Book
Published: New Delhi PHI Learning 2010
Subjects:
LEADER 00486nam a2200157 4500
020 |a 9788120341166 
082 |a 005.446  |b PRE/W 
100 |a Preppernau, Joan 
245 |a Windows 7 step by step 
260 |a New Delhi  |b PHI Learning  |c 2010 
300 |a 492p 
650 |a windows 7 
700 |a Cox, Joyce 
942 |c BK 
999 |c 55500  |d 55500 
952 |0 0  |1 0  |4 0  |6 005_446000000000000_PREW  |7 0  |8 Stack  |9 62656  |a KUCL  |b KUCL  |c Stack  |d 2018-10-09  |g 525.00  |l 0  |o 005.446 PRE/W  |p 46128  |r 2018-10-09  |w 2018-10-09  |y BK